[Event "DEM U12w 2024"]
[Site "Willingen GER"]
[Date "2024.05.21"]
[Round "4"]
[White "Birkenheier, Larissa"]
[Black "Fruth, Julia"]
[Result "0-1"]
[Termination "normal"]
[Board "15"]
[WhiteElo "1501"]
[BlackElo "1641"]
[WhiteClock "00:49:08"]
[BlackClock "00:45:49"]
[PlyCount "112"]
[WhiteFideId "34626379"]
[BlackFideId "34603050"]
[EventCountry "GER"]
[EventRounds "9"]
[EventType "swiss"]
[EventDate "2024.05.18"]

1. e4 {[%clk 01:30:53]} {[%emt 00:00:06]} c5 {[%clk 01:30:53]} {[%emt
00:00:08]} 2. Nf3 {[%clk 01:31:01]} {[%emt 00:00:21]} d6 {[%clk 01:31:10]}
{[%emt 00:00:14]} 3. d4 {[%clk 01:30:55]} {[%emt 00:00:37]} cxd4 {[%clk
01:31:32]} {[%emt 00:00:07]} 4. Nxd4 {[%clk 01:30:27]} {[%emt 00:00:57]} Nf6
{[%clk 01:31:47]} {[%emt 00:00:15]} 5. Nc3 {[%clk 01:30:19]} {[%emt 00:00:39]}
a6 {[%clk 01:32:12]} {[%emt 00:00:07]} 6. Be3 {[%clk 01:29:51]} {[%emt
00:00:56]} e5 {[%clk 01:32:24]} {[%emt 00:00:19]} 7. Nb3 {[%clk 01:29:14]}
{[%emt 00:01:07]} Be6 {[%clk 01:32:33]} {[%emt 00:00:20]} 8. f3 {[%clk
01:28:11]} {[%emt 00:01:31]} Be7 {[%clk 01:32:46]} {[%emt 00:00:18]} 9. Qd2
{[%clk 01:27:32]} {[%emt 00:01:10]} O-O {[%clk 01:32:48]} {[%emt 00:00:28]} 10.
O-O-O {[%clk 01:27:01]} {[%emt 00:01:01]} Nbd7 {[%clk 01:32:30]} {[%emt
00:00:49]} 11. g4 {[%clk 01:25:43]} {[%emt 00:01:47]} Nb6 {[%clk 01:32:50]}
{[%emt 00:00:11]} 12. g5 {[%clk 01:23:09]} {[%emt 00:03:04]} Nfd7 {[%clk
01:33:07]} {[%emt 00:00:13]} 13. h4 {[%clk 01:21:16]} {[%emt 00:02:22]} Rc8
{[%clk 01:30:43]} {[%emt 00:02:54]} 14. Nd5 {[%clk 01:18:01]} {[%emt 00:03:44]}
Bxd5 {[%clk 01:29:44]} {[%emt 00:01:29]} 15. exd5 {[%clk 01:18:01]} {[%emt
00:00:30]} Nc4 {[%clk 01:29:03]} {[%emt 00:01:13]} 16. Bxc4 {[%clk 01:17:26]}
{[%emt 00:01:04]} Rxc4 {[%clk 01:28:51]} {[%emt 00:00:42]} 17. Rdg1 {[%clk
01:15:40]} {[%emt 00:02:13]} Qc7 {[%clk 01:24:02]} {[%emt 00:05:21]} 18. Na5
{[%clk 01:14:12]} {[%emt 00:01:59]} Ra4 {[%clk 01:24:05]} {[%emt 00:00:26]} 19.
Nb3 {[%clk 01:12:33]} {[%emt 00:02:09]} Rc8 {[%clk 01:18:34]} {[%emt 00:06:02]}
20. Kb1 {[%clk 01:10:20]} {[%emt 00:02:41]} Nb6 {[%clk 01:14:43]} {[%emt
00:04:23]} 21. Qc3 {[%clk 01:01:51]} {[%emt 00:08:55]} Qxc3 {[%clk 01:12:38]}
{[%emt 00:02:39]} 22. bxc3 {[%clk 01:02:05]} {[%emt 00:00:17]} Nxd5 {[%clk
01:12:30]} {[%emt 00:00:37]} 23. Bd2 {[%clk 01:01:11]} {[%emt 00:01:23]} Nxc3+
{[%clk 01:12:17]} {[%emt 00:00:43]} 24. Bxc3 {[%clk 01:00:40]} {[%emt
00:01:03]} Rxc3 {[%clk 01:12:33]} {[%emt 00:00:13]} 25. Rf1 {[%clk 00:59:21]}
{[%emt 00:01:48]} Rcc4 {[%clk 01:09:50]} {[%emt 00:03:13]} 26. h5 {[%clk
00:57:05]} {[%emt 00:02:46]} Bxg5 {[%clk 01:09:01]} {[%emt 00:01:20]} 27. Rd1
{[%clk 00:56:28]} {[%emt 00:01:05]} Be7 {[%clk 01:06:15]} {[%emt 00:03:17]} 28.
Nd2 {[%clk 00:54:42]} {[%emt 00:02:15]} Rab4+ {[%clk 00:59:14]} {[%emt
00:07:32]} 29. Nb3 {[%clk 00:52:19]} {[%emt 00:02:54]} Rh4 {[%clk 00:56:47]}
{[%emt 00:02:56]} 30. Kb2 {[%clk 00:50:05]} {[%emt 00:02:43]} Rxh1 {[%clk
00:56:59]} {[%emt 00:00:19]} 31. Rxh1 {[%clk 00:50:21]} {[%emt 00:00:14]} Rh4
{[%clk 00:57:02]} {[%emt 00:00:26]} 32. Rxh4 {[%clk 00:49:46]} {[%emt
00:01:07]} Bxh4 {[%clk 00:57:11]} {[%emt 00:00:21]} 33. Kc3 {[%clk 00:49:38]}
{[%emt 00:00:34]} b6 {[%clk 00:52:19]} {[%emt 00:05:26]} 34. Nd2 {[%clk
00:48:59]} {[%emt 00:01:05]} Be1 {[%clk 00:51:45]} {[%emt 00:01:07]} 35. Kd3
{[%clk 00:48:22]} {[%emt 00:01:06]} Bxd2 {[%clk 00:51:59]} {[%emt 00:00:17]}
36. Kxd2 {[%clk 00:48:38]} {[%emt 00:00:15]} Kf8 {[%clk 00:52:07]} {[%emt
00:00:23]} 37. Kd3 {[%clk 00:48:53]} {[%emt 00:00:13]} Ke7 {[%clk 00:52:03]}
{[%emt 00:00:35]} 38. Ke4 {[%clk 00:49:05]} {[%emt 00:00:15]} Ke6 {[%clk
00:52:20]} {[%emt 00:00:16]} 39. a4 {[%clk 00:48:48]} {[%emt 00:00:47]} d5+
{[%clk 00:52:04]} {[%emt 00:00:45]} 40. Kd3 {[%clk 00:48:42]} {[%emt 00:00:36]}
Kf5 {[%clk 00:52:03]} {[%emt 00:00:32]} 41. Ke3 {[%clk 00:48:50]} {[%emt
00:00:21]} h6 {[%clk 00:49:33]} {[%emt 00:03:02]} 42. c3 {[%clk 00:48:36]}
{[%emt 00:00:43]} b5 {[%clk 00:45:33]} {[%emt 00:04:30]} 43. a5 {[%clk
00:47:59]} {[%emt 00:01:07]} Kg5 {[%clk 00:44:21]} {[%emt 00:01:41]} 44. Ke2
{[%clk 00:47:33]} {[%emt 00:00:55]} Kxh5 {[%clk 00:44:34]} {[%emt 00:00:19]}
45. Kd3 {[%clk 00:47:31]} {[%emt 00:00:31]} Kg5 {[%clk 00:44:49]} {[%emt
00:00:16]} 46. Ke3 {[%clk 00:47:41]} {[%emt 00:00:19]} h5 {[%clk 00:45:04]}
{[%emt 00:00:16]} 47. Kf2 {[%clk 00:47:17]} {[%emt 00:00:53]} Kf4 {[%clk
00:45:21]} {[%emt 00:00:13]} 48. Kg2 {[%clk 00:47:21]} {[%emt 00:00:26]} h4
{[%clk 00:45:39]} {[%emt 00:00:12]} 49. Kh3 {[%clk 00:47:36]} {[%emt 00:00:16]}
g5 {[%clk 00:45:59]} {[%emt 00:00:10]} 50. Kg2 {[%clk 00:47:39]} {[%emt
00:00:27]} f5 {[%clk 00:44:50]} {[%emt 00:01:39]} 51. Kf2 {[%clk 00:47:53]}
{[%emt 00:00:16]} h3 {[%clk 00:45:12]} {[%emt 00:00:08]} 52. Kg1 {[%clk
00:48:19]} {[%emt 00:00:04]} Kxf3 {[%clk 00:45:22]} {[%emt 00:00:20]} 53. Kh1
{[%clk 00:48:37]} {[%emt 00:00:12]} g4 {[%clk 00:45:32]} {[%emt 00:00:20]} 54.
Kg1 {[%clk 00:48:30]} {[%emt 00:00:37]} g3 {[%clk 00:45:22]} {[%emt 00:00:40]}
55. c4 {[%clk 00:48:45]} {[%emt 00:00:16]} dxc4 {[%clk 00:45:33]} {[%emt
00:00:18]} 56. Kh1 {[%clk 00:49:08]} {[%emt 00:00:07]} c3 {[%clk 00:45:49]}
{[%emt 00:00:14]} 0-1

[Event "DEM U12w 2024"]
[Site "Willingen GER"]
[Date "2024.05.21"]
[Round "4"]
[White "Döscher, Nayla"]
[Black "Hladeniuk, Yelyzaveta"]
[Result "1/2-1/2"]
[Termination "normal"]
[Board "16"]
[WhiteElo "1564"]
[BlackElo "1646"]
[WhiteClock "00:03:29"]
[BlackClock "00:01:28"]
[PlyCount "77"]
[WhiteFideId "34625046"]
[BlackFideId "34176128"]
[EventCountry "GER"]
[EventRounds "9"]
[EventType "swiss"]
[EventDate "2024.05.18"]

1. e4 {[%clk 01:30:59]} c6 {[%clk 01:30:51]} {[%emt 00:00:10]} 2. d4 {[%clk
01:31:22]} {[%emt 00:00:07]} d5 {[%clk 01:31:13]} {[%emt 00:00:07]} 3. e5
{[%clk 01:31:46]} {[%emt 00:00:08]} Bf5 {[%clk 01:31:08]} {[%emt 00:00:33]} 4.
g4 {[%clk 01:32:04]} {[%emt 00:00:13]} Be4 {[%clk 01:27:54]} {[%emt 00:03:42]}
5. f3 {[%clk 01:30:09]} {[%emt 00:02:26]} Bg6 {[%clk 01:28:08]} {[%emt
00:00:16]} 6. e6 {[%clk 01:29:36]} {[%emt 00:01:04]} fxe6 {[%clk 01:20:10]}
{[%emt 00:08:28]} 7. h4 {[%clk 01:29:11]} {[%emt 00:00:55]} Qd6 {[%clk
01:07:12]} {[%emt 00:13:18]} 8. Ne2 {[%clk 01:25:14]} {[%emt 00:04:37]} e5
{[%clk 01:01:10]} {[%emt 00:06:32]} 9. h5 {[%clk 01:18:47]} {[%emt 00:06:56]}
Bf7 {[%clk 00:59:51]} {[%emt 00:01:47]} 10. Nbc3 {[%clk 01:09:03]} {[%emt
00:10:16]} exd4 {[%clk 00:58:47]} {[%emt 00:01:35]} 11. Qxd4 {[%clk 01:08:10]}
{[%emt 00:01:23]} e5 {[%clk 00:52:08]} {[%emt 00:07:04]} 12. Qd3 {[%clk
01:00:59]} {[%emt 00:07:46]} Nd7 {[%clk 00:45:52]} {[%emt 00:06:42]} 13. Bd2
{[%clk 00:51:37]} {[%emt 00:09:53]} Nc5 {[%clk 00:43:12]} {[%emt 00:03:10]} 14.
Qe3 {[%clk 00:45:16]} {[%emt 00:06:53]} d4 {[%clk 00:42:20]} {[%emt 00:01:22]}
15. Qf2 {[%clk 00:37:17]} {[%emt 00:08:29]} dxc3 {[%clk 00:39:26]} {[%emt
00:03:25]} 16. Nxc3 {[%clk 00:36:51]} {[%emt 00:00:55]} Nf6 {[%clk 00:31:11]}
{[%emt 00:08:43]} 17. O-O-O {[%clk 00:35:13]} {[%emt 00:02:10]} a6 {[%clk
00:18:31]} {[%emt 00:13:10]} 18. Be3 {[%clk 00:30:03]} {[%emt 00:05:31]} Qe7
{[%clk 00:18:32]} {[%emt 00:00:36]} 19. Bg2 {[%clk 00:29:10]} {[%emt 00:01:24]}
Nfd7 {[%clk 00:15:22]} {[%emt 00:03:40]} 20. Rhe1 {[%clk 00:27:46]} {[%emt
00:01:55]} O-O-O {[%clk 00:12:48]} {[%emt 00:03:03]} 21. Re2 {[%clk 00:20:21]}
{[%emt 00:07:50]} Ne6 {[%clk 00:07:29]} {[%emt 00:05:55]} 22. f4 {[%clk
00:17:07]} {[%emt 00:03:44]} exf4 {[%clk 00:06:29]} {[%emt 00:01:31]} 23. Bxf4
{[%clk 00:17:04]} {[%emt 00:00:33]} Qf6 {[%clk 00:06:07]} {[%emt 00:00:48]} 24.
Bg3 {[%clk 00:15:09]} {[%emt 00:02:25]} Qxf2 {[%clk 00:06:35]} {[%emt
00:00:07]} 25. Rxf2 {[%clk 00:15:16]} {[%emt 00:00:22]} Bg8 {[%clk 00:05:49]}
{[%emt 00:01:15]} 26. Rfd2 {[%clk 00:12:23]} {[%emt 00:03:23]} Bb4 {[%clk
00:04:35]} {[%emt 00:01:45]} 27. a3 {[%clk 00:11:47]} {[%emt 00:01:07]} Bxc3
{[%clk 00:05:03]} {[%emt 00:00:01]} 28. bxc3 {[%clk 00:12:05]} {[%emt
00:00:11]} Ndc5 {[%clk 00:04:02]} {[%emt 00:01:29]} 29. Rxd8+ {[%clk 00:11:01]}
{[%emt 00:01:38]} Nxd8 {[%clk 00:04:29]} {[%emt 00:00:02]} 30. h6 {[%clk
00:09:07]} {[%emt 00:02:23]} Bf7 {[%clk 00:01:47]} {[%emt 00:03:13]} 31. hxg7
{[%clk 00:09:04]} {[%emt 00:00:33]} Rg8 {[%clk 00:02:13]} {[%emt 00:00:03]} 32.
g5 {[%clk 00:05:32]} {[%emt 00:04:03]} Rxg7 {[%clk 00:02:14]} {[%emt 00:00:29]}
33. Bh4 {[%clk 00:05:07]} {[%emt 00:00:55]} Bg6 {[%clk 00:02:04]} {[%emt
00:00:40]} 34. Bh3+ {[%clk 00:05:06]} {[%emt 00:00:30]} Nd7 {[%clk 00:01:08]}
{[%emt 00:01:27]} 35. Bg3 {[%clk 00:04:31]} {[%emt 00:01:05]} Be8 {[%clk
00:01:14]} {[%emt 00:00:24]} 36. Bh4 {[%clk 00:04:16]} {[%emt 00:00:45]} Rg8
{[%clk 00:01:11]} {[%emt 00:00:33]} 37. Kb2 {[%clk 00:04:00]} {[%emt 00:00:46]}
Rg7 {[%clk 00:01:35]} {[%emt 00:00:06]} 38. Kc1 {[%clk 00:03:53]} {[%emt
00:00:37]} Nf7 {[%clk 00:01:28]} {[%emt 00:00:37]} 39. Re1 {[%clk 00:03:29]}
{[%emt 00:00:54]} 1/2-1/2

[Event "DEM U12w 2024"]
[Site "Willingen GER"]
[Date "2024.05.21"]
[Round "4"]
[White "Schille, Marlene"]
[Black "Ratushna, Olha"]
[Result "0-1"]
[Termination "normal"]
[Board "17"]
[WhiteElo "1228"]
[BlackElo "1602"]
[WhiteClock "00:42:28"]
[BlackClock "01:00:06"]
[PlyCount "128"]
[WhiteFideId "533000670"]
[BlackFideId "34172602"]
[EventCountry "GER"]
[EventRounds "9"]
[EventType "swiss"]
[EventDate "2024.05.18"]

1. e4 {[%clk 01:30:57]} {[%emt 00:00:02]} e5 {[%clk 01:30:54]} {[%emt
00:00:06]} 2. Nf3 {[%clk 01:31:22]} {[%emt 00:00:05]} Nc6 {[%clk 01:31:19]}
{[%emt 00:00:05]} 3. Bc4 {[%clk 01:31:45]} {[%emt 00:00:07]} Be7 {[%clk
01:31:39]} {[%emt 00:00:10]} 4. d4 {[%clk 01:31:10]} {[%emt 00:01:06]} d6
{[%clk 01:31:49]} {[%emt 00:00:19]} 5. Bb5 {[%clk 01:30:42]} {[%emt 00:00:59]}
Bd7 {[%clk 01:29:29]} {[%emt 00:02:49]} 6. O-O {[%clk 01:29:52]} {[%emt
00:01:21]} exd4 {[%clk 01:29:16]} {[%emt 00:00:42]} 7. Nxd4 {[%clk 01:29:06]}
{[%emt 00:01:16]} Nxd4 {[%clk 01:29:13]} {[%emt 00:00:33]} 8. Bxd7+ {[%clk
01:28:51]} {[%emt 00:00:46]} Qxd7 {[%clk 01:28:51]} {[%emt 00:00:37]} 9. Qxd4
{[%clk 01:29:02]} {[%emt 00:00:33]} Nf6 {[%clk 01:27:30]} {[%emt 00:01:52]} 10.
Nc3 {[%clk 01:27:54]} {[%emt 00:01:37]} O-O {[%clk 01:26:48]} {[%emt 00:01:12]}
11. Re1 {[%clk 01:26:45]} {[%emt 00:01:40]} Rfe8 {[%clk 01:26:03]} {[%emt
00:01:11]} 12. Bg5 {[%clk 01:23:57]} {[%emt 00:03:21]} Qc6 {[%clk 01:21:48]}
{[%emt 00:04:42]} 13. e5 {[%clk 01:16:56]} {[%emt 00:07:34]} dxe5 {[%clk
01:20:18]} {[%emt 00:02:00]} 14. Rxe5 {[%clk 01:15:01]} {[%emt 00:02:26]} h6
{[%emt 00:03:38]} 15. Bh4 {[%clk 01:13:29]} {[%emt 00:00:58]} a6 {[%clk
01:10:17]} {[%emt 00:08:26]} 16. Rae1 {[%clk 01:11:12]} {[%emt 00:02:47]} Rad8
{[%clk 01:08:45]} {[%emt 00:02:01]} 17. Qf4 {[%clk 01:05:23]} {[%emt 00:06:20]}
Bd6 {[%clk 01:05:45]} {[%emt 00:03:27]} 18. Rxe8+ {[%clk 01:03:48]} {[%emt
00:02:08]} Rxe8 {[%clk 01:05:50]} {[%emt 00:00:25]} 19. Rxe8+ {[%clk 01:02:15]}
{[%emt 00:02:04]} Qxe8 {[%clk 01:06:06]} {[%emt 00:00:14]} 20. Qd2 {[%clk
01:01:17]} {[%emt 00:01:28]} Qe5 {[%clk 01:05:46]} {[%emt 00:00:48]} 21. Bg3
{[%clk 00:59:47]} {[%emt 00:02:01]} Qe6 {[%clk 01:05:11]} {[%emt 00:00:57]} 22.
Bxd6 {[%clk 00:53:19]} {[%emt 00:07:06]} Qxd6 {[%clk 01:04:37]} {[%emt
00:01:04]} 23. Qe2 {[%clk 00:52:47]} {[%emt 00:01:03]} Qe6 {[%clk 01:03:45]}
{[%emt 00:01:15]} 24. Qd2 {[%clk 00:51:25]} {[%emt 00:01:59]} Qd6 {[%clk
01:00:58]} {[%emt 00:03:13]} 25. Qxd6 {[%clk 00:48:57]} {[%emt 00:03:02]} cxd6
{[%clk 01:01:21]} {[%emt 00:00:07]} 26. b4 {[%clk 00:48:53]} {[%emt 00:00:34]}
b5 {[%clk 01:01:18]} {[%emt 00:00:32]} 27. Kf1 {[%clk 00:48:49]} {[%emt
00:00:34]} Kf8 {[%clk 01:01:41]} {[%emt 00:00:08]} 28. Ke2 {[%clk 00:48:42]}
{[%emt 00:00:36]} Ke7 {[%clk 01:02:03]} {[%emt 00:00:08]} 29. Kd3 {[%clk
00:49:03]} {[%emt 00:00:09]} Ke6 {[%clk 01:02:26]} {[%emt 00:00:08]} 30. Kd4
{[%clk 00:49:10]} {[%emt 00:00:23]} g5 {[%clk 01:00:49]} {[%emt 00:02:06]} 31.
f3 {[%clk 00:45:39]} {[%emt 00:04:02]} h5 {[%clk 01:00:15]} {[%emt 00:01:03]}
32. Ne4 {[%clk 00:45:30]} {[%emt 00:00:39]} Nxe4 {[%clk 01:00:21]} {[%emt
00:00:25]} 33. fxe4 {[%clk 00:45:25]} {[%emt 00:00:35]} h4 {[%clk 00:59:25]}
{[%emt 00:01:25]} 34. c4 {[%clk 00:44:44]} {[%emt 00:01:11]} bxc4 {[%clk
00:58:55]} {[%emt 00:01:01]} 35. Kxc4 {[%clk 00:45:02]} {[%emt 00:00:11]} Ke5
{[%clk 00:59:23]} {[%emt 00:00:03]} 36. a4 {[%clk 00:43:49]} {[%emt 00:01:43]}
Kxe4 {[%clk 00:58:51]} {[%emt 00:01:02]} 37. b5 {[%clk 00:44:13]} {[%emt
00:00:06]} d5+ {[%clk 00:58:53]} {[%emt 00:00:28]} 38. Kc5 {[%clk 00:44:35]}
{[%emt 00:00:07]} axb5 {[%clk 00:59:03]} {[%emt 00:00:20]} 39. axb5 {[%clk
00:44:58]} {[%emt 00:00:07]} d4 {[%clk 00:59:26]} {[%emt 00:00:07]} 40. b6
{[%clk 00:45:23]} {[%emt 00:00:06]} d3 {[%clk 00:59:54]} {[%emt 00:00:02]} 41.
b7 {[%clk 00:45:39]} {[%emt 00:00:13]} d2 {[%clk 01:00:19]} {[%emt 00:00:05]}
42. b8=Q {[%clk 00:45:59]} {[%emt 00:00:11]} d1=Q {[%clk 01:00:45]} {[%emt
00:00:04]} 43. Qe8+ {[%clk 00:46:17]} {[%emt 00:00:11]} Kd3 {[%clk 01:00:08]}
{[%emt 00:01:08]} 44. Qb5+ {[%clk 00:46:15]} {[%emt 00:00:32]} Ke3 {[%clk
00:59:39]} {[%emt 00:00:57]} 45. Qe8+ {[%clk 00:46:09]} {[%emt 00:00:37]} Kf2
{[%clk 00:59:52]} {[%emt 00:00:18]} 46. Qe4 {[%clk 00:39:28]} {[%emt 00:07:09]}
Qc1+ {[%clk 00:58:14]} {[%emt 00:02:09]} 47. Kd5 {[%clk 00:39:28]} {[%emt
00:00:31]} Qd2+ {[%clk 00:58:24]} {[%emt 00:00:18]} 48. Ke5 {[%clk 00:39:47]}
{[%emt 00:00:13]} Qf4+ {[%clk 00:55:48]} {[%emt 00:02:58]} 49. Qxf4+ {[%clk
00:40:00]} {[%emt 00:00:25]} gxf4 {[%clk 00:56:12]} {[%emt 00:00:06]} 50. Kxf4
{[%clk 00:40:26]} {[%emt 00:00:03]} Kxg2 {[%clk 00:56:35]} {[%emt 00:00:07]}
51. Kg4 {[%clk 00:40:44]} {[%emt 00:00:13]} h3 {[%clk 00:56:59]} {[%emt
00:00:04]} 52. Kh4 {[%clk 00:41:09]} {[%emt 00:00:07]} Kxh2 {[%clk 00:57:20]}
{[%emt 00:00:08]} 53. Kg4 {[%clk 00:41:38]} {[%emt 00:00:02]} Kg2 {[%clk
00:57:40]} {[%emt 00:00:10]} 54. Kh4 {[%clk 00:41:55]} {[%emt 00:00:12]} h2
{[%clk 00:57:54]} {[%emt 00:00:16]} 55. Kg4 {[%clk 00:42:18]} {[%emt 00:00:07]}
h1=Q {[%clk 00:58:15]} {[%emt 00:00:09]} 56. Kg5 {[%clk 00:42:39]} {[%emt
00:00:09]} Qf1 {[%clk 00:58:40]} {[%emt 00:00:05]} 57. Kh6 {[%clk 00:43:02]}
{[%emt 00:00:08]} Qb5 {[%clk 00:58:57]} {[%emt 00:00:11]} 58. Kg7 {[%clk
00:43:29]} {[%emt 00:00:05]} Qf5 {[%clk 00:59:12]} {[%emt 00:00:07]} 59. Kf8
{[%clk 00:43:30]} {[%emt 00:00:37]} Qe6 {[%clk 00:59:20]} {[%emt 00:00:19]} 60.
Kg7 {[%clk 00:43:35]} {[%emt 00:00:26]} Kg3 {[%clk 00:59:41]} {[%emt 00:00:11]}
61. Kf8 {[%clk 00:43:12]} {[%emt 00:00:53]} Kg4 {[%clk 01:00:02]} {[%emt
00:00:09]} 62. Kg8 {[%clk 00:43:39]} {[%emt 00:00:02]} Kg5 {[%clk 01:00:18]}
{[%emt 00:00:12]} 63. Kg7 {[%clk 00:43:51]} {[%emt 00:00:20]} Qe7 {[%clk
01:00:04]} {[%emt 00:00:42]} 64. Kg8 {[%clk 00:42:28]} {[%emt 00:01:56]} f5
{[%clk 01:00:06]} {[%emt 00:00:26]} 0-1

[Event "DEM U12w 2024"]
[Site "Willingen GER"]
[Date "2024.05.21"]
[Round "4"]
[White "Weyerer, Elea"]
[Black "Margaryan, Mane"]
[Result "1/2-1/2"]
[Termination "normal"]
[Board "18"]
[WhiteElo "1507"]
[BlackElo "1512"]
[WhiteClock "00:20:11"]
[BlackClock "00:24:56"]
[PlyCount "57"]
[WhiteFideId "34605770"]
[BlackFideId "16268237"]
[EventCountry "GER"]
[EventRounds "9"]
[EventType "swiss"]
[EventDate "2024.05.18"]

1. d4 {[%clk 01:30:58]} {[%emt 00:00:01]} Nf6 {[%clk 01:30:57]} {[%emt
00:00:03]} 2. Bf4 {[%clk 01:31:23]} {[%emt 00:00:05]} c5 {[%clk 01:31:23]}
{[%emt 00:00:05]} 3. e3 {[%clk 01:31:21]} {[%emt 00:00:32]} d5 {[%clk
01:31:29]} {[%emt 00:00:25]} 4. c3 {[%clk 01:31:21]} {[%emt 00:00:29]} Nc6
{[%clk 01:30:36]} {[%emt 00:01:22]} 5. Nd2 {[%clk 01:31:13]} {[%emt 00:00:38]}
Bf5 {[%clk 01:30:22]} {[%emt 00:00:45]} 6. Ngf3 {[%clk 01:18:20]} {[%emt
00:13:22]} e6 {[%clk 01:29:44]} {[%emt 00:01:08]} 7. Bb5 {[%clk 01:16:29]}
{[%emt 00:02:21]} a6 {[%clk 01:25:08]} {[%emt 00:05:07]} 8. Ba4 {[%clk
01:13:13]} {[%emt 00:03:42]} b5 {[%clk 01:23:00]} {[%emt 00:02:40]} 9. Bc2
{[%clk 01:13:10]} {[%emt 00:00:32]} Bxc2 {[%clk 01:21:30]} {[%emt 00:02:03]}
10. Qxc2 {[%clk 01:13:31]} {[%emt 00:00:09]} c4 {[%clk 01:20:41]} {[%emt
00:01:19]} 11. e4 {[%clk 01:12:01]} {[%emt 00:02:00]} Be7 {[%clk 01:15:14]}
{[%emt 00:05:56]} 12. O-O {[%clk 01:08:58]} {[%emt 00:03:33]} O-O {[%clk
01:14:14]} {[%emt 00:01:30]} 13. h3 {[%clk 01:03:10]} {[%emt 00:06:18]} Re8
{[%clk 01:11:34]} {[%emt 00:03:11]} 14. Ng5 {[%clk 00:56:23]} {[%emt 00:07:16]}
h6 {[%clk 01:08:48]} {[%emt 00:03:16]} 15. Ngf3 {[%clk 00:56:30]} {[%emt
00:00:22]} b4 {[%clk 01:00:56]} {[%emt 00:08:24]} 16. Rab1 {[%clk 00:55:25]}
{[%emt 00:01:35]} a5 {[%clk 00:58:46]} {[%emt 00:02:40]} 17. exd5 {[%clk
00:52:06]} {[%emt 00:03:48]} exd5 {[%clk 00:56:41]} {[%emt 00:02:35]} 18. b3
{[%clk 00:51:34]} {[%emt 00:01:03]} bxc3 {[%clk 00:54:59]} {[%emt 00:02:12]}
19. Qxc3 {[%clk 00:50:34]} {[%emt 00:01:30]} Bb4 {[%clk 00:52:15]} {[%emt
00:03:14]} 20. Qc2 {[%clk 00:49:25]} {[%emt 00:01:29]} c3 {[%clk 00:48:53]}
{[%emt 00:04:01]} 21. a3 {[%clk 00:42:21]} {[%emt 00:07:34]} Bxa3 {[%clk
00:43:50]} {[%emt 00:05:33]} 22. Qxc3 {[%clk 00:42:22]} {[%emt 00:00:30]} Rc8
{[%clk 00:42:22]} {[%emt 00:01:58]} 23. Qa1 {[%clk 00:40:13]} {[%emt 00:02:35]}
Bb4 {[%clk 00:41:14]} {[%emt 00:01:42]} 24. Rbc1 {[%clk 00:39:44]} {[%emt
00:00:58]} Qb6 {[%clk 00:37:01]} {[%emt 00:04:43]} 25. Rfe1 {[%clk 00:34:35]}
{[%emt 00:05:38]} Rxe1+ {[%clk 00:31:49]} {[%emt 00:05:43]} 26. Rxe1 {[%clk
00:34:50]} {[%emt 00:00:16]} Bf8 {[%clk 00:28:32]} {[%emt 00:03:47]} 27. Rc1
{[%clk 00:31:47]} {[%emt 00:03:29]} Bb4 {[%clk 00:26:31]} {[%emt 00:02:34]} 28.
Qb2 {[%clk 00:22:53]} {[%emt 00:09:22]} Re8 {[%clk 00:24:56]} {[%emt 00:02:07]}
29. Nb1 {[%clk 00:20:11]} {[%emt 00:03:10]} 1/2-1/2